000 00327nam a2200145Ia 4500
003 OSt
005 20231218093803.0
008 170524s9999 xx 000 0 und d
020 _a9788184110982
040 _cIIMT UNIVERSITY
100 _aDASH- AJAY
245 0 _aNEWS REPORTING
260 _bN DELHI SONALI
942 _2ddc
_c01
999 _c9322
_d9322